The complete paintings of Raphael / (Record no. 9922)
[ view plain ]
| 000 -LEADER | |
|---|---|
| fixed length control field | 00879cam a2200277 4500 |
| 001 - CONTROL NUMBER | |
| JCCL Control Number | 9922 |
| 003 - CONTROL NUMBER IDENTIFIER | |
| JCCL marc code | BD-JhCC |
| 005 - DATE AND TIME OF LATEST TRANSACTION | |
| control field | 20180403134748.0 |
| 008 - FIXED-LENGTH DATA ELEMENTS--GENERAL INFORMATION | |
| fixed length control field | 180403t19691966nyua b 001 0beng |
| 035 ## - SYSTEM CONTROL NUMBER | |
| system control number | (BD-JhCC)9922 |
| 040 ## - CATALOGING SOURCE | |
| Original cataloging agency | DLC |
| Transcribing agency | DLC |
| Modifying agency | DLC |
| -- | BD-JhCC |
| 041 1# - LANGUAGE CODE | |
| Language code of Book | engita |
| 050 00 - LIBRARY OF CONGRESS CALL NUMBER | |
| Classification number | ND623.R2 |
| Item number | D413 1969b |
| 082 00 - DEWEY DECIMAL CLASSIFICATION NUMBER | |
| Classification number | 759.5 |
| Author mark and Year | RAP 1966 |
| 100 0# - MAIN ENTRY--PERSONAL NAME | |
| Personal name | Raphael, |
| Dates associated with a name | 1483-1520. |
| 240 10 - UNIFORM TITLE | |
| Uniform title | Opera completa di Raffaello. |
| 245 14 - TITLE STATEMENT | |
| Title | The complete paintings of Raphael / |
| Statement of responsibility, etc | Introd. by Richard Cocke. Notes and catalogue by Pierluigi de Vecchi. |
| 260 ## - PUBLICATION, DISTRIBUTION, ETC. (IMPRINT) | |
| Place of publication, distribution, etc | New York : |
| Name of publisher, distributor, etc | H.N. Abrams, |
| Date of publication, distribution, etc | 1969, c1966 . |
| 300 ## - PHYSICAL DESCRIPTION | |
| Pagination | 128 p. |
| Other physical details | illus. (part col.) |
| Dimensions | 32 cm. |
| 490 0# - SERIES STATEMENT | |
| Series statement | Classics of the world's great art |
| 500 ## - GENERAL NOTE | |
| General note | Translation of L'opera completa di Raffaello. |
| 504 ## - BIBLIOGRAPHY, ETC. NOTE | |
| Bibliography, etc | Bibliography: p. 82. |
| 700 1# - ADDED ENTRY--PERSONAL NAME | |
| Personal name | De Vecchi, Pierluigi. |
| 942 ## - ADDED ENTRY ELEMENTS (KOHA) | |
| Source of classification or shelving scheme | Dewey Decimal Classification |
| Koha item type | Reference |
| Source of classification or shelving scheme | Damaged status | Not for loan | Home library | Current library | Shelving location | Date of accession | Total Checkouts | Full call number | Barcode | Date last seen | Copy number | Koha item type |
|---|---|---|---|---|---|---|---|---|---|---|---|---|
| Dewey Decimal Classification | JCC Rouf Library | JCC Rouf Library | General Stacks | 04/03/2018 | 759.5 RAP 1966 | 13412 | 04/03/2018 | C-1 | Reference |